| 000 | 01013nam a2200253 4500 | ||
|---|---|---|---|
| 001 | 123357 | ||
| 003 | ES-MaACL | ||
| 005 | 20251002163223.0 | ||
| 007 | t| | ||
| 008 | 070214s1927 sp r ||||1| spa d | ||
| 100 | 1 |
_aQuevedo, Francisco de, _d1580-1645 _994591 |
|
| 245 | 1 | 0 |
_aTeatro inédito de Don Francisco de Quevedo / _cintroducción de Miguel Artigas. |
| 260 |
_aMadrid : _b[s.n.], _c1927 ( _fTip. de la Revista de Archivos) |
||
| 300 |
_aLXXX, 252 p. ; _c20 cm. |
||
| 500 | _aPrecede al Tit : Real Academia Española. | ||
| 505 | 8 | _aContiene: Cómo ha de ser el privado. Bien haya quién a los suyois parece. Pedro Vázquez de Escamilla (fragmento). Fragmento (sin título) | |
| 700 | 1 |
_aArtigas Ferrando, Miguel, _d1887-1947 _923471 |
|
| 710 | 2 |
_aReal Academia Española _96336 |
|
| 740 | 0 | _aCómo ha de ser el privado. | |
| 740 | 0 | _aBien haya quién a los suyois parece. | |
| 740 | 0 | _aPedro Vázquez de Escamilla. | |
| 852 |
_aES-MaACL _jC-8412 _bR.33113 |
||
| 999 |
_c123357 _d123357 |
||